| 000 | 00514nam a2200193Ia 4500 | ||
|---|---|---|---|
| 008 | 220204s9999 xx 000 0 und d | ||
| 082 |
_a581.132 _bTRI |
||
| 100 | _aTRIBER, Michael A | ||
| 245 | 0 | _aPhotosynthesis | |
| 260 |
_aCambridge _bCambridge University _c1975 |
||
| 490 | _aBasic biology course unit.3; regulation within cells. 6 | ||
| 650 | _aAutotrophy | ||
| 650 | _aChlorophyll | ||
| 650 | _aChloroplast | ||
| 650 | _aHeterotroph | ||
| 650 | _aMolecule | ||
| 650 | _aPhotosynthesis | ||
| 942 | _cBK | ||
| 999 |
_c30455 _d30455 |
||